| 000 | 00639nam a2200217 i 4500 | ||
|---|---|---|---|
| 001 | 134884 | ||
| 003 | ES-MaACL | ||
| 005 | 20250804062547.0 | ||
| 007 | t| | ||
| 008 | 070702s1982 sp ||||1| spa d | ||
| 080 | _a591.5 | ||
| 100 | 1 |
_aThorpe, William H. _9110158 |
|
| 245 | 1 | 0 |
_aBreve historia de la etología / _cW.H. Thorpe ; [traductor: Joaquín Ortega]. |
| 260 |
_aMadrid : _bAlianza, _c[1982] |
||
| 300 |
_a211 p. : _bil. ; _c18 cm. |
||
| 490 | 1 | _aEl libro de bolsillo | |
| 700 | 1 |
_aOrtega, Joaquín. _987410 |
|
| 830 | 0 | 3 |
_aEl libro de bolsillo _9177802 |
| 852 |
_aES-MaACL _jL-3021 _bR.103845 |
||
| 999 |
_c134884 _d134884 |
||